1252 1989 1164 1298 1369 1162 1085 1061 1679 1231 1514 1513 1654 1932 1181 1937 1199 1729 1237 1480 1711 1313 1227 1772 1427 1594 1536 1964 1850 1139 1976 1466 1000 1539 1222 1844 1662 1728 1531 1796 1503 1899 1496 1229 1757 1377 1443 1909 1038 1682 1468 1194 1681 1018 1422 1169 1203 1964 1931 1045 1561 1420 1266 1449 1777 1566 1655 1374 1683 1546 1207 1029 1784 1109 1186 1401 1577 1752 1150 1148 1330 1172 1474 1320 1940 1261 1582 1556 1283 1079 1820 1216 1302 1239 1168 1380 1101 1484 1098 BCNSPRNW ULIB Ver.6.0+V

เปลี่ยนเป็นภาษาไทย

Change to English
 แสดงรายละเอียดบรรณานุกรม
  กลับหน้าหลัก

Brief Record : Get Marc (ISO 2709) : E-mail record : QR code < ปิดหน้าต่าง
LEADER : 00000nam 2200000uu 4500
001    13399113086
003     ULIB
008    110926s2544||||th 000 0 tha d
020    9747743027
050 04 PL4187^bป182ฉ 2544
100 0  ประกฤติ ไชยโต๊ะพรหม
245 10 ฉบับสหัสวรรษใหม่ พจนานุกรม ไทย-อังกฤษ สำหรับนักเรียน นักศึกษาประชาชน /^cประกฤติ ไชยโต๊ะพรหม
246 3  พจนานุกรม ไทย-อังกฤษ สำหรับนักเรียน นักศึกษา ประชาชน
250    พิมพ์ครั้งที่ 2
260    กรุงเทพฯ :^bต้นธรรม,^c2544
300    480 หน้า ;^c20 ซม
650  7 ภาษาไทย^xพจนานุกรม^xภาษาอังกฤษ
945    ^p250^l0^i020574
995    ทศพร
999 ^a ทศพร
รายการนี้ยังไม่มีแท็ก
คุณยังไม่ได้ล็อกอิน คุณสามารถมีกิจกรรมร่วมกับเว็บไซต์ได้ แต่ต้องล็อกอินก่อน ::
  ล็อกอิน

รายการสื่อสารสนเทศ

ลำดับที่ ประเภท เลขเรียก/บาร์โค้ด สถานที่ สถานะ
- ไม่พบข้อมูล -

BibComment


ยังไม่เคยถูกคอมเมนท์

คอมเมนท์ทรัพยากรรายการนี้
  คอมเมนท์: ฉบับสหัสวรรษใหม่ ..


 Copyright 2026. Bcnsprnw @Library